1573 1270 1713 1345 1848 1197 1837 1342 1281 1462 1192 1886 1908 1794 1719 1557 1612 1822 1082 1162 1181 1760 1064 1683 1154 1437 1706 1429 1641 1357 1253 1651 1742 1190 1640 1755 1713 1839 1617 1123 1668 1117 1883 1988 1769 1883 1259 1888 1006 1827 1431 1467 1095 1921 1828 1484 1604 1870 1148 1010 1201 1940 1426 1463 1906 1077 1870 1480 1850 1678 1445 1173 1763 1537 1901 1828 1439 1563 1594 1296 1315 1836 1918 1150 1717 1446 1990 1212 1663 1663 1295 1665 1257 1599 1254 1350 1269 1755 1502 BCNSPRNW ULIB Ver.6.0+V

เปลี่ยนเป็นภาษาไทย

Change to English
 แสดงรายละเอียดบรรณานุกรม
  กลับหน้าหลัก

Brief Record : Get Marc (ISO 2709) : E-mail record : QR code < ปิดหน้าต่าง
LEADER : 00000nam 2200000uu 4500
001    13399122393
003     ULIB
008    130315s2549||||th 000 0 tha d
020    97897448813547
090    นว^bท455ร
100 0  ทิพเกสร
245 00 รักเล่ห์เสน่ห์ลวง^cทิพเกสร
260    ^c2549
945    ^p280^l0^i020429
999    ^aเกษร โพธิ์สุวรรณ
รายการนี้ยังไม่มีแท็ก
คุณยังไม่ได้ล็อกอิน คุณสามารถมีกิจกรรมร่วมกับเว็บไซต์ได้ แต่ต้องล็อกอินก่อน ::
  ล็อกอิน

รายการสื่อสารสนเทศ

ลำดับที่ ประเภท เลขเรียก/บาร์โค้ด สถานที่ สถานะ
1. นวนิยาย
นวนิยาย
นว ท455ร  
  Barcode: 020429
ห้องสมุดวิทยาเขตสวรรค์ประชารักษ์
►นวนิยาย
บนชั้น
  ขอยืม

BibComment


ยังไม่เคยถูกคอมเมนท์

คอมเมนท์ทรัพยากรรายการนี้
  คอมเมนท์: รักเล่ห์เสน่ห์ลวง..


 Copyright 2026. Bcnsprnw @Library